Visualizzazione normale
Vista MARC
- Iglesia
di Topical Term
Records bibliografici associati: 2
001 - CONTROL NUMBER
- control field: 54331
003 - CONTROL NUMBER IDENTIFIER
- control field: IT-RoINE
005 - DATE AND TIME OF LATEST TRANSACTION
- control field: 20181114042918.0
008 - FIXED-LENGTH DATA ELEMENTS
- fixed length control field: 181114|| aca||aabn | a|a d
040 ## - CATALOGING SOURCE
- Original cataloging agency: IT-RoINE
- Transcribing agency: IT-RoINE
150 ## - HEADING--TOPICAL TERM
- Topical term or geographic name as entry element: Iglesia
- General subdivision: Gobierno
- General subdivision: Historia
- Chronological subdivision: 600-1500 (Edad media)
- Form subdivision: Congresos
670 ## - SOURCE DATA FOUND
- Source citation: Work cat.: (IT-RoINE)26127: Università cattolica del Sacro Cuore. Centro di studi medioevali. Settimana internazionale di studio (5ª. 1971. Passo della Mendola, Roma) 51734, Le istituzioni ecclesiastiche della "Societas christiana" dei secoli XI-XII :, [1974]